Statistiques concernant Rappeur New Gen FR

Cliquez ici pour prendre le quiz!

Statistiques générales

  • Ce quiz a été pris 303 fois
    (178 depuis la dernière actualisation)
  • Le résultat moyen est 10 sur 41

Statistiques - réponses

première lettrerappeurs% Correct
LLa fève
71%
LLuther
63%
88ruki
56%
KKhali
43%
NNeS
43%
RRounhaa
41%
YYvnnis
39%
SSo la Lune
38%
FFavé
37%
HH jeuneCrack
35%
HHoudi
34%
JJ9ueve
34%
WWallace Cleaver
34%
MMaïro
33%
ZZamdane
33%
SSelug
32%
WWinnterzuko
30%
ZZeu
30%
BBUSHI
28%
KKerchak
27%
SSean
24%
FFEMTOGO
21%
AAjna
20%
AAAMO
19%
MMalo
19%
JJolagreen23
17%
LLuv Resval
17%
BBekar
15%
DDali
13%
LLesram
13%
BBabysolo33
12%
AAbel31
9%
BBeendo z
8%
RRowjay
8%
JJeune Mort
6%
MMademoiselle Lou
5%
EEDGE
4%
AAdvm
2%
FFurlax
2%
NNeophron
2%
LLeith
0%

Distribution des résultats

Percentile par nombre de réponses

% des personnes avec chaque résultat

Votre développement - résultats

Vous n’avez pas pris ce quiz depuis la dernière actualisation